000 01863nam0a2200397 4500
001 RU\NLR\bibl\1054165
005 20260607065805.0
010 _a5-9900469-7-9
_91000
021 _aRU
_b2007-1595
_973
035 _a(nilc)RSL-KNO-003024574
035 _a(NLR Aleph) 001041463
090 _a821379
_c821379
100 _a20070206d2006 |||y0rusy50 ca
101 0 _arus
102 _aRU
105 _ay |||||||||
106 _ar
200 1 _aОн опередил время: Ростислав Алексеев
_e(деяния корабелов глазами авиационного инженера)
_fА.В. Иванов
210 _aНижний Новгород
_cКварц
_d2006
215 _a168 с., [8] л. ил., портр.
_d21
225 1 _aВыдающиеся земляки
_eВЗ
320 _aБиблиогр.: с. 162
600 1 _aАлексеев
_bР.Е.
_f1916 - 1980
_gРостислав Евгеньевич
_9945114
_3RU\NLR\auth\6631752
610 0 _aТранспорт -- Водный транспорт -- Суда. Судостроение -- Алексеев Ростислав Евгеньевич (1916 - 1980) - конструктор-судостроитель
686 _aО42д(2)Алексеев Р.Е.,0
_2rubbk
686 _aО427.22д(2)Алексеев
700 1 _4070
_7ca
_8rus
_aИванов
_bА. В.
_cавиаинженер, автор воспоминаний.
_gАркадий Васильевич
_933514
_3RU\NLR\auth\7750580
702 1 _4570
_7ca
_8rus
_aАлексеев
_bР. Е.
_cд-р техн. наук
_f1916-1980
_gРостислав Евгеньевич
_9124011
_3RU\NLR\auth\7714338
801 0 _aRU
_bРКП
_c20070206
_grcr
801 1 _aRU
_bРГБ
_c20070206
801 2 _aRU
_bNLR
_c20070305
_grcr
830 _aпо кн
942 _cBOOK
980 _aNB
980 _aNBR